Základné povinnosti vedúcich zamestnancov

V pracovnoprávnych vzťahoch robí právne úkony za zamestnávateľa, ktorý je právnická osoba, štatutárny orgán alebo člen štatutárneho orgánu. Zamestnávateľ, ktorý je fyzickou osobou, pritom koná osobne. Namiesto nich môžu robiť právne úkony aj nimi poverení zamestnanci. Iní zamestnanci zamestnávateľa,...

Ausführliche Beschreibung

Gespeichert in:
Bibliographische Detailangaben
1. Verfasser: Mintál, Ján
Format: Buchkapitel
Sprache:Slowakisch
Schlagworte:
Tags: Tag hinzufügen
Keine Tags, Fügen Sie das erste Tag hinzu!

MARC

LEADER 00000naa a2200000 4500
001 0308361
005 20250430093053.9
041 0 |a slo 
044 |a SK 
245 1 0 |a Základné povinnosti vedúcich zamestnancov  |c Ján Mintál 
520 |a V pracovnoprávnych vzťahoch robí právne úkony za zamestnávateľa, ktorý je právnická osoba, štatutárny orgán alebo člen štatutárneho orgánu. Zamestnávateľ, ktorý je fyzickou osobou, pritom koná osobne. Namiesto nich môžu robiť právne úkony aj nimi poverení zamestnanci. Iní zamestnanci zamestnávateľa, najmä vedúci jeho organizačných útvarov, sú oprávnení, ako orgány zamestnávateľa, robiť v mene zamestnávateľa právne úkony vyplývajúce z ich funkcií určených organizačnými predpismi. 
610 2 0 |a právo pracovné 
610 2 0 |a vzťahy pracovnoprávne 
610 2 0 |a zamestnanci 
610 2 0 |a vedenie 
610 2 0 |a zamestnávatelia 
610 2 0 |a zákonník práce 
100 1 |a Mintál, Ján